The Best books (Record no. 165550)
[ view plain ]
| 000 -LEADER | |
|---|---|
| campo de control de longitud fija | 00947nam a22002415i 4500 |
| 001 - NÚMERO DE CONTROL | |
| campo de control | 165550 |
| 003 - IDENTIFICADOR DE NÚMERO DE CONTROL | |
| campo de control | ES-MaACL |
| 005 - FECHA Y HORA DE LA ÚLTIMA TRANSACCIÓN | |
| campo de control | 20230906213148.0 |
| 008 - DATOS DE LONGITUD FIJA--INFORMACIÓN GENERAL | |
| campo de control de longitud fija | 889114s1887 xxk b |||| | eng d |
| 040 ## - FUENTE DE CATALOGACIÓN | |
| Centro catalogador/agencia de origen | CAT |
| Lengua de catalogación | spa |
| Centro/agencia transcriptor | CAT |
| Centro/agencia modificador | CCPB |
| 080 #4 - NÚMERO DE LA CLASIFICACIÓN DECIMAL UNIVERSAL | |
| Número de la Clasificación Decimal Universal | 016 |
| 080 ## - NÚMERO DE LA CLASIFICACIÓN DECIMAL UNIVERSAL | |
| Número de la Clasificación Decimal Universal | 011(42) |
| 100 1# - ENTRADA PRINCIPAL--NOMBRE DE PERSONA | |
| Nombre de persona | Sonnenschein, William Swan ( |
| Fechas asociadas al nombre | 1855-1931) |
| 9 (RLIN) | 132815 |
| 245 14 - MENCIÓN DEL TÍTULO | |
| Título | The Best books |
| Resto del título | : a reader's guide to the choice of the best available books (about 25.000) in every department of science art and literature ... : a contribution towards classified bibliography / |
| Mención de responsabilidad, etc. | by William Swan Sonnenschein. |
| 260 ## - PUBLICACIÓN, DISTRIBUCIÓN, ETC. | |
| Lugar de publicación, distribución, etc. | London : |
| Nombre del editor, distribuidor, etc. | Swan Sonnenschein : |
| -- | Lowrey & Co., |
| Fecha de publicación, distribución, etc. | 1887. |
| 300 ## - DESCRIPCIÓN FÍSICA | |
| Extensión | XVI, 713 p. ; |
| Dimensiones | 25 cm. |
| 500 #1 - NOTA GENERAL | |
| Nota general | Índice. |
| 650 #4 - PUNTO DE ACCESO ADICIONAL DE MATERIA--TÉRMINO DE MATERIA | |
| Término de materia o nombre geográfico como elemento de entrada | Ediciones inglesas- |
| Subdivisión cronológica | S. XIX. |
| 9 (RLIN) | 135953 |
| 700 1# - ENTRADA AGREGADA--NOMBRE PERSONAL | |
| Nombre de persona | Sonnenschein, Willian Swan, |
| Término indicativo de función/relación | |
| 9 (RLIN) | 132816 |
| 700 0# - ENTRADA AGREGADA--NOMBRE PERSONAL | |
| Nombre de persona | Lorrey and Co. |
| 9 (RLIN) | 129082 |
| 752 ## - ENTRADA AGREGADA--NOMBRE JERÁRQUICO DEL LUGAR | |
| País o entidad superior | Gran Bretaña - |
| Ciudad | Londres |
| 852 ## - LOCALIZACIÓN | |
| Ubicación | ES-MaACL |
| Número de control de estantería | D-50 |
| condición física | -- Enc. tela |
| Estatus retirado | Estado de pérdida | Estado de daño | No para préstamo | Colección | Biblioteca de origen | Biblioteca actual | Ubicación en estantería | Fecha de adquisición | Fuente de adquisición | Total de préstamos | Signatura topográfica completa | Código de barras | Visto por última vez | Precio de reemplazo | Tipo de ítem Koha |
|---|---|---|---|---|---|---|---|---|---|---|---|---|---|---|---|
| Libros del s. XIX | Biblioteca del Ateneo de Madrid | Biblioteca del Ateneo de Madrid | Sala Valle Inclán | 17/01/2008 | D-50 | 901173610 | 23/02/2023 | 23/02/2023 | Libro impreso antiguo |
